00650nam a22001217a 4500008004100000020001500041050002900056245032100085260004200406300002100448440004200469800001700511140819b xxu||||| |||| 00| 0 eng d a0406091234 aKD276.3.L39(1888 vol.38) aThe Law Reports (1888 vol.38) Chancery division: Under the Superintendence and control of the Incorporated council of law reporting for England and wales. Supreme court of Judicature. Cases determined in the Chancery Division and in Lunacy, and on appeal therefrom in the Court of appeal. /cEdited by:G. W. Hemming. aLondon:bButterworth & co ltd.c1888. aX, 647p.:c24cm. pChancery Division.vVol. xxxviii (38) aHemming G. W